Marketing pre právnikov /

Hlavní autor: Sklenčár, Peter, 1962-
Jazyk: Slovenština
Vydáno: [Sečovce] : Pastel, 2016
Vydání: Vydanie: prvé
Témata:
Fyzický popis: 120 stran : ilustrace ; 21 cm
Knihy
Uloženo v:
LEADER 01155nam a2200337 i 4500
001 001538512
003 CZ BrMZK
005 20160822091632.0
007 ta
008 160809s2016 xo a e p 000 0 slo
020 |a 978-80-971276-7-1  |q (brožováno) 
040 |a BOA001  |b cze  |e rda 
072 7 |a 658  |x Řízení a správa podniku  |2 Konspekt  |9 4 
072 7 |a 37.016  |x Učební osnovy. Vyučovací předměty. Učebnice  |2 Konspekt  |9 22 
080 |a 658.8  |2 MRF 
080 |a (075.8)  |2 MRF 
100 1 |a Sklenčár, Peter,  |d 1962-  |7 mzk2015860826  |4 aut 
245 1 0 |a Marketing pre právnikov /  |c Peter Sklenčár 
250 |a Vydanie: prvé 
264 1 |a [Sečovce] :  |b Pastel,  |c 2016 
300 |a 120 stran :  |b ilustrace ;  |c 21 cm 
336 |a text  |b txt  |2 rdacontent 
337 |a bez média  |b n  |2 rdamedia 
338 |a svazek  |b nc  |2 rdacarrier 
504 |a Obsahuje bibliografii 
650 0 7 |a marketing  |7 ph115227  |2 czenas 
655 7 |a učebnice vysokých škol  |7 fd133772  |2 czenas 
910 |a BOA001  |b 2-1373.076 
990 |a BK 
991 |b 201608  |c NOV 
996 7 |b 2610679165  |c 2-1373.076  |l MZK  |r Sklad / do 1 hodiny  |n 1  |p dar  |w 001574118  |u 000010  |a 1  |e BOA001  |j MZK50  |s A